Music Quiz

Random Music or Missing Word Quiz

Musicians Describing Themselves II Quiz Stats

 Plays Quiz Updated Jul 1, 2018

Challenge
Share
Tweet
Embed
Score 0/16 Timer 05:00
2 Plays Today
Question Answer Wrong Answers
Right Said Fred
I'm too _____ for my shirt
Too _____ for my shirt, so _____ it hurts
sexy
96.2%
bloated
0.3%
sunburned
0.3%
jaded
0.3%
Lynyrd Skynyrd
If I stay here with you girl
Things just couldn't be the same
Cause I'm as _____ as a bird now
And this bird you cannot change
free
94.2%
blue
0.4%
caged
2.2%
small
0.4%
Pink Floyd
I can't explain you would not understand
This is not how I am
I have become comfortably _____
numb
94%
situated
0.8%
drunk
1.6%
plump
0.7%
George Thorogood And The Destroyers
I wanna be yours pretty baby, yours and yours alone
I'm here to tell ya honey, that I'm _____ to the bone
bad
92.4%
gnawed
1.7%
tired
2.2%
skin
0.7%
The Penguins
Earth angel, earth angel, will you be mine?
My darling dear, love you all the time
I'm just a _____, a _____ in love with you
fool
87.5%
creep
2.6%
kid
4%
penguin
2.6%
Natalie Imbruglia
Nothing's fine, I'm _____, I'm all out of faith
This is how I feel, I'm cold and I am shamed, lying naked on the floor
torn
80.5%
alone
12.7%
pissed
1.9%
agnostic
2%
Taylor Swift
Grab your passport and my hand
I can make the bad guys good for a _____
Weekend
78.3%
Sunday
1.1%
Few Days
14.1%
Daydream
3.3%
MC Hammer
Every time you see me that Hammer's just so hype
I'm dope on the floor and I'm _____ on the mic
magic
74.8%
madness
4.4%
manic
12.6%
dripping
5.3%
Tracy Chapman
This youthful heart can love you and give you what you need
But I'm too _____ to go chasing you around wasting my precious energy
old
74.2%
annoyed
0.9%
cold
2.5%
smart
19.2%
Wheatus
I'm just a _____ dirtbag baby
Listen to Iron Maiden maybe with me
teenage
69.2%
lonely
13.2%
nerdy
3%
flea-ridden
11.6%
Alanis Morissette
I feel drunk but I'm sober, I'm young and I'm _____
I'm tired but I'm working, yeah
underpaid
67.2%
indigent
4.8%
light-headed
5.5%
arrogant
19.5%
Def Leppard
I'm _____, sticky sweet
From my head to my feet, yeah
hot
66.6%
sweaty
10.9%
poison
6.2%
tasty
13.6%
The Pretenders
I'm _____, so _____
I gotta have some of your attention, give it to me
special
56.2%
desperate
13.9%
needy
17.4%
pretty
9.5%
Five For Fighting
I'm more than a _____, I'm more than a plane
I'm more than some pretty face beside a train
bird
52.8%
car
11%
man
21.8%
brain
11.4%
Digital Underground
My nose is big, uh-uh I'm not ashamed
Big like a _____, I'm still gettin' paid
pickle
39.9%
cabbage
4%
rhino
47.1%
pimple
5.8%
Matchbox Twenty
Can you help me I'm _____
I'm so scared that I'll never
Get put back together
bent
29.9%
puzzled
3.8%
broken
59.3%
Humpty
3.9%

You're not logged in!

Compare scores with friends on all Sporcle quizzes.
Join for Free
OR
Log In

You Might Also Like...

Show Comments

Extras

Top Quizzes Today


Score Distribution

Your Account Isn't Verified!

In order to create a playlist on Sporcle, you need to verify the email address you used during registration. Go to your Sporcle Settings to finish the process.

Report this User

Report this user for behavior that violates our Community Guidelines.

Details: